000 00474nam a2200157 i 4500
001 94299
003 ES-MaACL
005 20230906181439.0
007 t|
008 050427s1919 sp ||||1| spa d
100 1 _aLópez Valencia, Federico.
_974012
245 1 0 _aDel pais gigante
_b: la vida y los negocios en Norteamérica /
_cFederico López Valencia.
260 _aMadrid :
_bSucesores de Hernando,
_c1919.
300 _a211 p. ;
_c18 cm.
852 _aES-MaACL
_jF-10543
999 _c94299
_d94299